000
00189 a2200097 4500
020
_a
9780439326438
041
_a
eng
100
_a
Scholastic
245
_a
Greek Myths and Legends
942
_c
BK
999
_c
9772
_d
9772